Ciencias de la naturaleza : Biología y geología : 4º curso Educación Secundaria Obligatoria
Gespeichert in:
| 1. Verfasser: | |
|---|---|
| Weitere Verfasser: | |
| Format: | Buch |
| Sprache: | Spanisch |
| Erschienen: |
Madrid :
Editex,
D.L. 1998
|
| Katalog: | MANES: Suchergebnis im Bibliothekskatalog |
| Schulbuchspezifische Eigenschaften: |
|
| Tags: |
Tag hinzufügen
Keine Tags, Fügen Sie den ersten Tag hinzu!
|
| Hinzugefügt zu: | 13.12.2004 |
| Geändert in: | 07.05.2025 |
MARC
| LEADER | 00000cam a2200000 i 4500 | ||
|---|---|---|---|
| 005 | 20250507134511.0 | ||
| 008 | 041214s1998 espa fp 000 0 spa d | ||
| 020 | |a 8471315726 | ||
| 040 | |a uned |b spa |c entro-manes | ||
| 100 | 1 | |a Belart Rodríguez, Ana |9 39520 | |
| 245 | 1 | 0 | |a Ciencias de la naturaleza : |b Biología y geología : 4º curso Educación Secundaria Obligatoria / |c Ana Belart Rodríguez, Carmen Belart Rodríguez, Mª Nieves Pallarés Fernández |
| 260 | |a Madrid : |b Editex, |c D.L. 1998 | ||
| 300 | |a 205 p. : |b il. col. | ||
| 546 | |a España | ||
| 561 | |5 es-BUNED |3 L.T.M. 1031 |a España. Fondo Manes UNED |k MANES | ||
| 690 | 0 | |a CN | |
| 700 | 1 | |a Belart Rodríguez, Carmen |9 38138 |a Pallarés Fernández, María Nieves |9 39521 | |
| 942 | |2 ddc |c BK | ||
| 999 | |c 95877 |d 95877 | ||
| 999 | |c manes:95877 |d 95877 | ||